Anatomy; (Record no. 208562)

MARC details
000 -LEADER
fixed length control field 00602nam a22002177a 4500
005 - DATE AND TIME OF LATEST TRANSACTION
control field 20250116160824.0
010 ## - LCCN (DPL NO)
LC control number ENG-143503
020 ## - INTERNATIONAL STANDARD BOOK NUMBER
International Standard Book Number 9789387162242
Terms of availability 555.00
035 ## - SYSTEM CONTROL NUMBER
System control number EN-127035
037 ## - SOURCE OF ACQUISITION
Source of stock number/acquisition DBAD
082 ## - DEWEY DECIMAL CLASSIFICATION NUMBER
Classification number 611
100 ## - MAIN ENTRY--PERSONAL NAME
Personal name Mitra, samar
245 ## - TITLE STATEMENT
Title Anatomy;
Statement of responsibility, etc Superior inferior abdomen/
Remainder of title By samar mitra
260 ## - PUBLICATION, DISTRIBUTION, ETC. (IMPRINT)
Place of publication, distribution, etc Kolkata
Name of publisher, distributor, etc academic publishers
Date of publication, distribution, etc 2019
270 ## - ADDRESS
Address 5A bhawani dutta lane,
City Kolkata
Postal code 700073
300 ## - PHYSICAL DESCRIPTION
Extent 474 p.
Dimensions 24cm.(Pb)
490 ## - SERIES STATEMENT
Series statement 8
500 ## - GENERAL NOTE
General note Anatomy
700 ## - ADDED ENTRY--PERSONAL NAME
Personal name Samar mitra
9 (RLIN) 76691
942 ## - ADDED ENTRY ELEMENTS (KOHA)
Source of classification or shelving scheme Dewey Decimal Classification
Item type English Books
Classification part 611
Call number suffix Mit
Edition 8
Holdings
Withdrawn status Lost status Not for loan Collection code Home library Current library Date acquired Source of acquisition Cost, normal purchase price Full call number Barcode Copy number Cost, replacement price Koha item type
      Non-fiction Vinoba Puri Vinoba Puri 16/01/2025 DBAD 555.00 611 Mit EN-127035 1 555.00 English Books

© Delhi Public Library
Hit Counter
free hit counter